It looks like you're offline.
Open Library logo
additional options menu

MARC record from Internet Archive

LEADER: 00877cam a2200253 a 4500
001 2010012422
003 DLC
005 20110408084755.0
008 100326s2010 nyu b 001 0 eng
010 $a 2010012422
020 $a9781401323264
040 $aDLC$cDLC$dDLC
043 $an-us---
050 00 $aQC903$b.P766 2010
082 00 $a363.738/74560973$222
100 1 $aPooley, Eric.
245 14 $aThe climate war :$btrue believers, power brokers, and the fight to save the earth /$cEric Pooley.
250 $a1st ed.
260 $aNew York :$bHyperion,$cc2010.
300 $ax, 481 p. ;$c25 cm.
504 $aIncludes bibliographical references (p. [447]-452) and index.
650 0 $aClimatic changes$xPolitical aspects$zUnited States.
650 0 $aClimatic changes$xGovernment policy$zUnited States.
650 0 $aClimatic changes$xGovernment policy$xInternational cooperation.